• 首页
  • 本馆介绍
  • 公告通知
  • 最新文献
  • 馆藏检索
  • 电子资源
  • 读者导购
  • 参考咨询
  • 我的图书馆
  • 登录
  • 详细信息显示
  • 放入我的书架
  • 预约/预借图书
  • 作者相关作品
  • 分类相关作品
  • 丛书相关作品
  • 出版社相关作品

书目信息

  • 表格格式
  • 工作单格式
  • 卡片格式
题名:
科研论文配图设计与制作从入门到精通
    
 
作者: 中科幻彩 编著
分册:  
出版信息: 北京   人民邮电出版社  2017.9
页数: 152页
开本: 26cm
丛书名:
单 册:
中图分类: TB232
科图分类:
主题词: 科学技术--论文--绘图技术
电子资源:
ISBN: 978-7-115-46620-4
000 01050nam0 2200241 450
001 2017209863
005 20170927140805.0
010    @a978-7-115-46620-4@b@dCNY98.00
100    @a20170927d2017 em y0chiy0110 ea
101 0  @achi
102    @aCN@b110000
105    @ay z 000yy
106    @ar
200 1  @a科研论文配图设计与制作从入门到精通@9ke yan lun wen pei tu she ji yu zhi zuo cong ru men dao jing tong@f中科幻彩编著@g
210    @a北京@c人民邮电出版社@d2017.9
215    @a152页@c@d26cm
330    @a作为一本简洁实用的科学可视化技能的入门与提高教程,本书立足于具有科研绘图需求的广大科研人员,包括在读的研究生和即将进入研究生学习生活的大学生以及高校研究院所等科研单位的工作者,为读者提供一套门槛低、易上手、能提升的科研绘图学习方案,成为读者科研论文发表过程中的辅助,本书向读者提供了科技论文配图的基本知识和实用技巧,是技术和想象力的结合。
606 0  @a科学技术@j论文@x绘图技术
690    @aTB232@v5
701  0 @a中科幻彩@9zhong ke huan cai@4编著
801  0 @aCN@bMUSE@c20181206@g
905    @aBZT@dTB232@e1
906    @dCNY98.00@n3@r1
    
    科研论文配图设计与制作从入门到精通/中科幻彩编著.-北京:人民邮电出版社,2017.9
    152页;26cm
    
    
    ISBN 978-7-115-46620-4:CNY98.00
    作为一本简洁实用的科学可视化技能的入门与提高教程,本书立足于具有科研绘图需求的广大科研人员,包括在读的研究生和即将进入研究生学习生活的大学生以及高校研究院所等科研单位的工作者,为读者提供一套门槛低、易上手、能提升的科研绘图学习方案,成为读者科研论文发表过程中的辅助,本书向读者提供了科技论文配图的基本知识和实用技巧,是技术和想象力的结合。
●
相关链接 在五车中查询图书 在当当中查询图书 在豆瓣中查询图书


正题名:科研论文配图设计与制作从入门到精通     索取号:TB232/1         预约/预借

序号 登录号 条形码 馆藏地/架位号 状态 备注
1 856217   2000856217   第二书库/ [索取号:TB232/1] 在馆    
2 856218   2000856218   第二书库/ [索取号:TB232/1] 在馆    
3 856219   2000856219   第二书库/ [索取号:TB232/1] 在馆    
山东省滨州职业学院图书馆 欢迎您!
大连网信软件有限公司© 版权所有